La deuda externa: conflicto de conflictos

Enregistré dans:
Détails bibliographiques
Auteur principal: Charpentier, Silvia
Format: Texte
Publié: Heredia: UNA. CEMLA
Tags: Ajouter un tag
Pas de tags, Soyez le premier à ajouter un tag!

MARC

LEADER 00000 a a2200000 04500
001 22453
003
040
090 |a 153000  
100 |a Charpentier, Silvia  
245 |a La deuda externa: conflicto de conflictos  
260 |a Heredia:   |b UNA. CEMLA  
300 |a 20 p.  
999 |c 9453  |d 9453